|
|
|
|
| LEADER |
01100nam a2200277 a 4500 |
| 001 |
1163094 |
| 008 |
091123s1996 ii b 000 0 eng d |
| 010 |
|
|
|a 96028725
|
| 020 |
|
|
|a 8170365791 (India)
|
| 020 |
|
|
|a 8170365805 (India : pbk.)
|
| 020 |
|
|
|a 0803993404 (US)
|
| 020 |
|
|
|a 0803993412 (US : pbk.)
|
| 040 |
|
|
|a DLC
|c DLC
|d DLC
|
| 082 |
0 |
0 |
|a 338.954
|2 20
|
| 245 |
0 |
0 |
|a Development policy and administration /
|c edited by Kuldeep Mathur.
|
| 260 |
|
|
|a New Delhi ;
|a Thousand Oaks, Calif. :
|b Sage Publications,
|c 1996.
|
| 300 |
|
|
|a 306 p. ;
|c 22 cm.
|
| 490 |
0 |
|
|a Readings in Indian government and politics ;
|v 1
|
| 504 |
|
|
|a Includes bibliographical references.
|
| 541 |
1 |
|
|e 00008465
|
| 651 |
|
0 |
|a India
|x Economic policy
|y 1991-
|
| 651 |
|
0 |
|a India
|x Economic conditions
|y 1947-
|
| 700 |
1 |
|
|a Mathur, Kuldeep.
|
| 852 |
4 |
|
|a Ayesha Abed Library
|j General Shelf
|
| 999 |
|
|
|c 5877
|d 5877
|
| 952 |
|
|
|0 0
|1 0
|2 ddc
|4 0
|6 338_954000000000000_DEV_1996
|7 0
|9 5861
|a BRACUL
|b BRACUL
|c GEN
|d 2009-12-06
|g 0.00
|l 1
|o 338.954 DEV
|p 3010008465
|r 2011-03-20
|s 2011-03-09
|t 1
|w 2009-12-06
|y BK
|x No price found in the accession register.
|